[Event "9th Bangabandhu Blitz Men 2021"]
[Site "Dhaka"]
[Date "2021.04.03"]
[Round "7.2"]
[White "Rahman, Ziaur"]
[Black "Mohammad Minhaz Uddin"]
[Result "0-1"]
[WhiteElo "2432"]
[BlackElo "2281"]
[Annotator "TA"]
[PlyCount "56"]
[EventDate "2021.04.02"]
[EventType "swiss"]
[EventCountry "BAN"]
[SourceTitle "playchess.com"]
[Source "ChessBase"]
[SourceQuality "1"]

{[%evp 15,56,10,59,-13,0,-2,8,-16,0,0,0,0,0,0,0,0,0,0,4,0,0,0,27,0,0,0,0,0,0,-31,-29,-29,-24,-41,-38,-45,-37,-543,-537,-705,-694,-685,-681]} 1. Nf3 Nf6 2. g3 g6 3. Bg2 Bg7 4. O-O O-O 5. d4 d5 6. c4 c6 7. Ne5 Nbd7 8. Nc3 e6 9. Nxd7 {D78: Fianchetto Grünfeld: 6 0-0 c6.} (9. f4 $14) 9... Qxd7 10. Qb3 {[#]} b6 $146 ({Predecessor:} 10... Ne8 11. Rd1 Nd6 12. c5 Nf5 13. Qa4 Qe7 14. e4 dxe4 15. Nxe4 e5 16. dxe5 Bxe5 {1-0 (42) Putka,V (2323)-Daskevics,V (2115) Riga 2014}) 11. Bf4 {The position is equal.} Ba6 12. cxd5 Nxd5 13. Qa4 Nxf4 14. gxf4 Bb5 15. Nxb5 (15. Qa3 {is interesting.} Rab8 16. Rfd1 a5 17. e3 Bc4 18. Qa4) 15... cxb5 16. Qb3 Rac8 17. Rfd1 Rfd8 18. e3 Bf8 19. Rd3 (19. Bh3 $5 {[%cal Rd4d5]}) 19... b4 20. Rad1 a5 {[#] Strongly threatening ...a4.} 21. R3d2 Qc7 22. d5 e5 23. Bh3 {d6 is the strong threat.} Rb8 24. Rc2 Qe7 25. fxe5 Qxe5 {Hoping for ...Qh5.} 26. f4 $2 {[%mdl 8192]} ({White should try} 26. Bg2 $15) 26... Qh5 $1 $19 {[%csl LRd1,LRh3][%mdl 64] [#] Double Attack. Black is clearly winning.} 27. Rc7 Qxh3 28. d6 Rd7 {Weighted Error Value: White=0.55/Black=0.06} 0-1

[Event "9th Bangabandhu Blitz Men 2021"]
[Site "Dhaka"]
[Date "2021.04.03"]
[Round "7.3"]
[White "Rahman, Taibur"]
[Black "Mohammad Fahad, Rahman"]
[Result "0-1"]
[WhiteElo "2189"]
[BlackElo "2321"]
[Annotator "ChessBase"]
[PlyCount "53"]
[EventDate "2021.04.02"]
[EventType "swiss"]
[EventCountry "BAN"]
[SourceTitle "playchess.com"]
[Source "ChessBase"]
[SourceQuality "1"]
[TimeControl "1500+10"]

1. d4 {[%emt 0:22:07]} d5 {[%emt 0:22:07]} 2. c4 {[%emt 0:00:09]} c6 {[%emt 0:00:09]} 3. Nf3 {[%emt 0:00:09]} Nf6 {[%emt 0:00:10]} 4. Nc3 {[%emt 0:00:09]} e6 {[%emt 0:00:09]} 5. Bg5 {[%emt 0:00:16]} Nbd7 {[%emt 0:03:15]} 6. cxd5 {[%emt 0:00:15]} exd5 {[%emt 0:00:00]} 7. e3 {[%emt 0:00:09]} h6 {[%emt 0:00:20]} 8. Bh4 {[%emt 0:00:12]} g5 {[%emt 0:00:00]} 9. Bg3 {[%emt 0:00:09]} Nh5 {[%emt 0:00:00]} 10. Bd3 {[%emt 0:00:17]} Nxg3 {[%emt 0:00:00]} 11. hxg3 {[%emt 0:00:10]} Bg7 {[%emt 0:00:40]} 12. Qc2 {[%emt 0:02:58]} Nb6 {[%emt 0:00:10]} 13. O-O-O {[%emt 0:00:00]} Be6 {[%emt 0:00:10]} 14. Kb1 {[%emt 0:00:00]} Qe7 {[%emt 0:00:10]} 15. Na4 {[%emt 0:00:00]} O-O-O {[%emt 0:00:00]} 16. Rc1 {[%emt 0:00:00]} Kb8 {[%emt 0:00:00]} 17. Nc5 {[%emt 0:00:00]} Bc8 {[%emt 0:00:00]} 18. Qb3 {[%emt 0:00:00]} h5 {[%emt 0:00:00]} 19. a4 {[%emt 0:00:00]} Ka8 {[%emt 0:00:00]} 20. a5 {[%emt 0:00:00]} Nd7 {[%emt 0:00:00]} 21. a6 {[%emt 0:01:30]} b6 {[%emt 0:00:00]} 22. Nxd7 {[%emt 0:00:00]} Bxd7 {[%emt 0:00:00]} 23. Rhe1 {[%emt 0:00:20]} f5 {[%emt 0:01:30]} 24. Rc2 {[%emt 0:00:10]} h4 {[%emt 0:00:00]} 25. gxh4 {[%emt 0:00:00]} g4 {[%emt 0:00:00]} 26. Nd2 {[%emt 0:00:11]} Bxd4 {[%emt 0:00:00]} 27. Rec1 {[%emt 0:00:19]} 0-1

[Event "9th Bangabandhu Blitz Men 2021"]
[Site "Dhaka"]
[Date "2021.04.03"]
[Round "7.4"]
[White "Mehdi Hasan Parag"]
[Black "Reefat, Bin-Sattar"]
[Result "0-1"]
[WhiteElo "2192"]
[BlackElo "2401"]
[Annotator "ChessBase"]
[PlyCount "88"]
[EventDate "2021.04.02"]
[EventType "swiss"]
[EventCountry "BAN"]
[SourceTitle "playchess.com"]
[Source "ChessBase"]
[SourceQuality "1"]
[TimeControl "1500+10"]

1. e4 {[%emt 0:22:08]} e6 {[%emt 0:22:07]} 2. d4 {[%emt 0:00:10]} d5 {[%emt 0:00:09]} 3. Nc3 {[%emt 0:00:10]} Nf6 {[%emt 0:00:09]} 4. e5 {[%emt 0:00:11]} Nfd7 {[%emt 0:00:09]} 5. f4 {[%emt 0:03:11]} c5 6. Nf3 {[%emt 0:00:00]} Nc6 {[%emt 0:00:17]} 7. Be3 {[%emt 0:00:00]} Be7 {[%emt 0:00:11]} 8. dxc5 {[%emt 0:00:00]} Nxc5 {[%emt 0:00:53]} 9. Qd2 {[%emt 0:00:00]} a6 {[%emt 0:00:34]} 10. Nd4 {[%emt 0:00:00]} Bd7 {[%emt 0:00:24]} 11. O-O-O {[%emt 0:00:00]} Nxd4 {[%emt 0:00:30]} 12. Bxd4 {[%emt 0:00:00]} Rc8 {[%emt 0:00:09]} 13. Kb1 {[%emt 0:00:00]} b5 {[%emt 0:00:11]} 14. Bd3 {[%emt 0:00:00]} b4 {[%emt 0:00:22]} 15. Ne2 {[%emt 0:00:00]} Qa5 {[%emt 0:00:29]} 16. g4 {[%emt 0:00:13]} Nxd3 {[%emt 0:00:28]} 17. cxd3 {[%emt 0:00:13]} h5 {[%emt 0:00:11]} 18. h3 {[%emt 0:00:15]} Bb5 {[%emt 0:00:16]} 19. Rc1 {[%emt 0:00:09]} Kd7 {[%emt 0:00:15]} 20. f5 {[%emt 0:00:20]} hxg4 {[%emt 0:00:12]} 21. hxg4 {[%emt 0:00:15]} Rxc1+ {[%emt 0:00:10]} 22. Rxc1 {[%emt 0:00:18]} Rh2 {[%emt 0:00:14]} 23. Qe3 {[%emt 0:00:13]} Qa4 {[%emt 0:00:12]} 24. b3 {[%emt 0:00:19]} Qa5 {[%emt 0:00:13]} 25. fxe6+ {[%emt 0:00:16]} fxe6 {[%emt 0:00:10]} 26. Bb2 {[%emt 0:00:18]} Ke8 {[%emt 0:00:12]} 27. Nd4 {[%emt 0:00:16]} Bd7 {[%emt 0:00:11]} 28. Nf3 {[%emt 0:00:29]} Rh3 {[%emt 0:00:12]} 29. Qf4 {[%emt 0:00:12]} Qb5 {[%emt 0:00:11]} 30. Rd1 {[%emt 0:00:14]} Qc6 {[%emt 0:00:12]} 31. Nd4 {[%emt 0:00:10]} Qb7 {[%emt 0:00:10]} 32. Qf1 {[%emt 0:00:11]} Rh8 {[%emt 0:00:10]} 33. Qf2 {[%emt 0:00:11]} Qb6 {[%emt 0:00:12]} 34. Rf1 {[%emt 0:00:10]} Rf8 {[%emt 0:00:10]} 35. Qe2 {[%emt 0:00:09]} Rxf1+ 36. Qxf1 {[%emt 0:00:19]} Bc5 {[%emt 0:00:19]} 37. Nc2 {[%emt 0:00:02]} Bb5 {[%emt 0:00:08]} 38. Qh3 {[%emt 0:00:11]} Be7 {[%emt 0:00:11]} 39. Qh5+ {[%emt 0:00:10]} Kd7 {[%emt 0:00:09]} 40. Qh3 {[%emt 0:00:13]} Qg1+ {[%emt 0:00:10]} 41. Bc1 {[%emt 0:00:10]} Qd1 {[%emt 0:00:09]} 42. d4 {[%emt 0:00:14]} Bg5 {[%emt 0:00:19]} 43. Ne3 {[%emt 0:00:10]} Bd3+ {[%emt 0:00:10]} 44. Kb2 {[%emt 0:00:10]} Bxe3 {[%emt 0:00:10]} 0-1

[Event "9th Bangabandhu Blitz Men 2021"]
[Site "Dhaka"]
[Date "2021.04.03"]
[Round "7.5"]
[White "Masum, Hossain"]
[Black "Islam, Khandaker Aminul"]
[Result "0-1"]
[WhiteElo "2061"]
[BlackElo "2210"]
[Annotator "ChessBase"]
[PlyCount "61"]
[EventDate "2021.04.02"]
[EventType "swiss"]
[EventCountry "BAN"]
[SourceTitle "playchess.com"]
[Source "ChessBase"]
[SourceQuality "1"]
[TimeControl "1500+10"]

1. c4 {[%emt 0:22:07]} Nf6 {[%emt 0:22:07]} 2. Nc3 {[%emt 0:00:10]} e6 {[%emt 0:00:09]} 3. d4 {[%emt 0:00:13]} Bb4 {[%emt 0:00:10]} 4. Qb3 {[%emt 0:03:10]} c5 {[%emt 0:00:10]} 5. Nf3 {[%emt 0:00:10]} Na6 {[%emt 0:03:14]} 6. e3 {[%emt 0:00:10]} O-O {[%emt 0:00:00]} 7. Bd3 {[%emt 0:00:00]} d5 {[%emt 0:00:00]} 8. a3 {[%emt 0:00:20]} Ba5 {[%emt 0:00:00]} 9. O-O {[%emt 0:00:10]} cxd4 {[%emt 0:00:00]} 10. exd4 {[%emt 0:00:00]} dxc4 {[%emt 0:00:50]} 11. Bxc4 {[%emt 0:00:20]} Nc7 {[%emt 0:00:00]} 12. Bg5 {[%emt 0:00:00]} h6 {[%emt 0:00:00]} 13. Bh4 {[%emt 0:00:20]} Bxc3 {[%emt 0:00:00]} 14. bxc3 {[%emt 0:00:00]} b6 {[%emt 0:00:00]} 15. Ne5 {[%emt 0:00:00]} Bb7 {[%emt 0:00:50]} 16. Rae1 {[%emt 0:00:00]} Ncd5 {[%emt 0:00:00]} 17. f4 {[%emt 0:00:00]} a6 {[%emt 0:00:00]} 18. f5 {[%emt 0:00:50]} b5 19. Bd3 {[%emt 0:00:00]} exf5 {[%emt 0:00:00]} 20. Rxf5 {[%emt 0:00:20]} Qc7 {[%emt 0:00:50]} 21. Bxf6 {[%emt 0:00:00]} Nxf6 {[%emt 0:00:00]} 22. Rxf6 {[%emt 0:00:00]} gxf6 {[%emt 0:00:00]} 23. Ng4 {[%emt 0:00:00]} Qf4 {[%emt 0:00:00]} 24. Qd1 {[%emt 0:00:12]} Kh8 {[%emt 0:00:11]} 25. Rf1 {[%emt 0:00:10]} Qg5 {[%emt 0:00:08]} 26. Rxf6 {[%emt 0:00:10]} h5 {[%emt 0:00:16]} 27. Rf5 {[%emt 0:00:26]} Qg6 {[%emt 0:00:27]} 28. Rxh5+ {[%emt 0:00:13]} Qxh5 {[%emt 0:00:10]} 29. Qe2 {[%emt 0:00:16]} Qg5 {[%emt 0:00:10]} 30. h4 {[%emt 0:00:10]} Qg7 {[%emt 0:00:10]} 31. Qe3 {[%emt 0:00:13]} 0-1

[Event "9th Bangabandhu Blitz Men 2021"]
[Site "Dhaka"]
[Date "2021.04.03"]
[Round "7.6"]
[White "Subrota, Biswas"]
[Black "Mollah Abdullah, Al Rakib"]
[Result "0-1"]
[WhiteElo "2256"]
[BlackElo "2464"]
[Annotator "TA"]
[PlyCount "52"]
[EventDate "2021.04.02"]
[EventType "swiss"]
[EventCountry "BAN"]
[SourceTitle "playchess.com"]
[Source "ChessBase"]
[SourceQuality "1"]

{[%evp 9,52,7,25,0,0,-66,-70,-64,-77,-68,-54,-79,-68,-71,-44,-56,-10,-39,-31,-25,-21,-56,-51,-97,-37,-111,-113,-141,-63,-108,-16,-83,-81,-78,-74,-63,-73,-191,-129,-291,-285,-385,-382,-664,-660]} 1. d4 g6 2. c4 Bg7 3. Nc3 e6 4. e4 Ne7 5. h4 d5 $1 6. cxd5 {A40: Unusual replies to 1 d4.} exd5 {[#]} 7. Nf3 $146 (7. exd5 $11 O-O 8. Bc4) ({Predecessor:} 7. e5 c5 8. dxc5 Bxe5 9. Nf3 Bf6 10. Bh6 Qa5 11. Rc1 Nd7 12. Be2 Nf5 13. Bd2 {1-0 (22) Smirnov,P (2626)-Abdulov,O (2336) Nakhchivan 2014}) 7... dxe4 $15 8. Nxe4 {Black is slightly better.} Bf5 9. Ng3 Bg4 10. Be3 Nbc6 11. Bc4 {Threatening Bxf7+!} Nd5 12. Qb3 Na5 13. Qa4+ c6 14. Bxd5 Qxd5 15. Rc1 Bxf3 16. gxf3 {Strongly threatening Rc5.} b6 (16... O-O $17 17. O-O (17. Rc5 Qxf3 18. Rxa5 Rae8 $15) 17... Qxf3 18. Qxa5 f5) 17. Ne4 {[#]} (17. O-O $15) 17... O-O $1 $17 18. h5 Rfe8 ({Much less strong is} 18... gxh5 19. Qc2 $15) ({Black should play} 18... f5 $17 19. Qc2 fxe4 20. fxe4 Qxa2 21. hxg6 c5 22. Rxh7 Qe6 23. dxc5 Qxg6) 19. hxg6 {[#]} hxg6 (19... f5 $1 $17 {[%cal Rf5e4]} 20. b4 (20. gxh7+ Kh8 $15) (20. Rxh7 $2 fxe4 21. f4 Re6 $19) 20... Nc4 21. gxh7+ Kh8 22. Rxc4 (22. Rh5 $2 Qf7 $19) 22... Qxc4) 20. Ke2 (20. Kf1 $1 $11) 20... f5 21. Nc3 Qxd4 22. Qxd4 Bxd4 23. Rcd1 (23. b4 $17 {keeps fighting.} Nc4 24. Ne4 Nxe3 25. fxe3) 23... c5 (23... Rad8 $19 {White must now prevent ...f4.} 24. Rxd4 Rxd4) 24. f4 $2 (24. Kf1 $17 {was necessary.}) 24... Nc4 $19 25. Kf3 Nxe3 26. Rdg1 (26. fxe3 Rxe3+ {[%mdl 64] Double Attack} 27. Kg2) 26... Ng4 {Weighted Error Value: White=0.62/Black=0.20} 0-1

[Event "9th Bangabandhu Blitz Men 2021"]
[Site "Dhaka"]
[Date "2021.04.03"]
[Round "7.7"]
[White "Hossain, Delwar"]
[Black "Mohammed Abdul, Malek"]
[Result "0-1"]
[WhiteElo "2054"]
[BlackElo "2125"]
[Annotator "ChessBase"]
[PlyCount "78"]
[EventDate "2021.04.02"]
[EventType "swiss"]
[EventCountry "BAN"]
[SourceTitle "playchess.com"]
[Source "ChessBase"]
[SourceQuality "1"]
[TimeControl "1500+10"]

1. e4 {[%emt 0:22:08]} c5 {[%emt 0:22:07]} 2. Nf3 {[%emt 0:00:09]} d6 {[%emt 0:00:08]} 3. Bc4 {[%emt 0:00:09]} Nf6 {[%emt 0:00:15]} 4. e5 {[%emt 0:00:09]} dxe5 {[%emt 0:00:12]} 5. Nxe5 {[%emt 0:00:09]} e6 {[%emt 0:00:09]} 6. O-O {[%emt 0:00:17]} a6 {[%emt 0:00:09]} 7. a4 {[%emt 0:00:12]} Bd6 {[%emt 0:00:11]} 8. f4 {[%emt 0:03:07]} Bxe5 {[%emt 0:00:32]} 9. fxe5 {[%emt 0:00:00]} Qd4+ {[%emt 0:00:09]} 10. Kh1 {[%emt 0:00:00]} Ng4 {[%emt 0:00:09]} 11. Qe2 {[%emt 0:00:30]} Nxe5 {[%emt 0:00:17]} 12. Na3 {[%emt 0:00:00]} Nbc6 {[%emt 0:00:17]} 13. c3 {[%emt 0:00:00]} Qh4 {[%emt 0:00:10]} 14. d4 {[%emt 0:00:00]} cxd4 {[%emt 0:00:10]} 15. Rf4 {[%emt 0:00:00]} Qe7 {[%emt 0:00:22]} 16. cxd4 {[%emt 0:00:00]} Ng6 {[%emt 0:00:10]} 17. Re4 {[%emt 0:00:00]} O-O {[%emt 0:00:13]} 18. d5 {[%emt 0:00:00]} f5 {[%emt 0:00:28]} 19. Re3 {[%emt 0:00:00]} Nd4 {[%emt 0:00:13]} 20. Qf1 {[%emt 0:00:00]} b5 {[%emt 0:00:27]} 21. axb5 {[%emt 0:00:00]} axb5 {[%emt 0:00:08]} 22. Bxb5 {[%emt 0:00:00]} Nxb5 {[%emt 0:00:19]} 23. Qxb5 {[%emt 0:00:13]} f4 {[%emt 0:00:12]} 24. Re1 {[%emt 0:00:18]} f3 {[%emt 0:00:09]} 25. gxf3 {[%emt 0:00:14]} Rxf3 {[%emt 0:00:16]} 26. Qc6 {[%emt 0:00:15]} Bb7 {[%emt 0:00:26]} 27. Qc4 {[%emt 0:00:48]} Bxd5 {[%emt 0:00:29]} 28. Qxd5 {[%emt 0:00:09]} exd5 {[%emt 0:00:09]} 29. Rxe7 {[%emt 0:00:10]} Nxe7 {[%emt 0:00:10]} 30. Bg5 {[%emt 0:00:15]} Nf5 {[%emt 0:00:12]} 31. Rd1 {[%emt 0:00:14]} h6 {[%emt 0:00:09]} 32. Bc1 {[%emt 0:00:24]} Rc8 {[%emt 0:00:09]} 33. Kg2 {[%emt 0:00:14]} Nh4+ {[%emt 0:00:12]} 34. Kg1 {[%emt 0:00:10]} d4 {[%emt 0:00:13]} 35. Nb5 {[%emt 0:00:16]} d3 {[%emt 0:00:15]} 36. Nc3 {[%emt 0:00:10]} Ra8 {[%emt 0:00:16]} 37. Bd2 {[%emt 0:00:16]} Rf7 {[%emt 0:00:11]} 38. Be1 {[%emt 0:00:15]} Nf3+ {[%emt 0:00:11]} 39. Kg2 {[%emt 0:00:09]} Rb8 {[%emt 0:00:15]} 0-1

[Event "9th Bangabandhu Blitz Men 2021"]
[Site "Dhaka"]
[Date "2021.04.03"]
[Round "7.8"]
[White "Rahman, Syed Mahfuzur"]
[Black "Zia, Tahsin Tajwar"]
[Result "0-1"]
[WhiteElo "2206"]
[BlackElo "2170"]
[Annotator "ChessBase"]
[PlyCount "72"]
[EventDate "2021.04.02"]
[EventType "swiss"]
[EventCountry "BAN"]
[SourceTitle "playchess.com"]
[Source "ChessBase"]
[SourceQuality "1"]
[TimeControl "1500+10"]

1. d4 {[%emt 0:22:08]} d5 {[%emt 0:22:12]} 2. c4 {[%emt 0:00:10]} e6 {[%emt 0:00:10]} 3. Nc3 {[%emt 0:00:10]} a6 {[%emt 0:00:13]} 4. a4 {[%emt 0:00:11]} Bb4 {[%emt 0:00:15]} 5. Qb3 {[%emt 0:00:17]} Nc6 {[%emt 0:00:15]} 6. Nf3 {[%emt 0:00:16]} h6 {[%emt 0:00:19]} 7. Bd2 {[%emt 0:00:13]} Nf6 {[%emt 0:00:10]} 8. e3 {[%emt 0:00:14]} O-O {[%emt 0:00:10]} 9. Bd3 {[%emt 0:00:52]} Qe7 {[%emt 0:00:53]} 10. Qc2 {[%emt 0:00:37]} Rd8 {[%emt 0:00:22]} 11. O-O {[%emt 0:00:13]} dxc4 {[%emt 0:00:13]} 12. Bxc4 {[%emt 0:00:10]} Na5 {[%emt 0:00:09]} 13. Ba2 {[%emt 0:00:18]} c5 {[%emt 0:00:13]} 14. Rfd1 {[%emt 0:00:29]} b6 {[%emt 0:00:11]} 15. Ne4 {[%emt 0:00:21]} Nxe4 {[%emt 0:00:14]} 16. Qxe4 {[%emt 0:00:13]} Bb7 {[%emt 0:00:12]} 17. Qc2 {[%emt 0:00:14]} Rac8 {[%emt 0:00:12]} 18. Bxb4 {[%emt 0:00:24]} cxb4 {[%emt 0:00:12]} 19. Qd3 {[%emt 0:00:08]} Qf6 {[%emt 0:00:58]} 20. Ne5 {[%emt 0:00:26]} Qg5 {[%emt 0:00:09]} 21. Qf1 {[%emt 0:00:11]} b3 {[%emt 0:00:31]} 22. Bb1 {[%emt 0:00:09]} f6 {[%emt 0:00:12]} 23. Nd3 {[%emt 0:00:11]} Nc4 {[%emt 0:00:13]} 24. h3 {[%emt 0:00:20]} Qd5 {[%emt 0:00:10]} 25. Nf4 {[%emt 0:00:11]} Qc6 {[%emt 0:00:10]} 26. Bd3 {[%emt 0:00:11]} Nxb2 {[%emt 0:00:11]} 27. Rdc1 {[%emt 0:00:09]} Qd7 {[%emt 0:00:12]} 28. Bg6 {[%emt 0:00:09]} b5 {[%emt 0:00:13]} 29. axb5 {[%emt 0:00:09]} axb5 {[%emt 0:00:09]} 30. Rxc8 {[%emt 0:00:16]} Rxc8 31. Rb1 {[%emt 0:00:03]} Nc4 {[%emt 0:00:18]} 32. Qd3 {[%emt 0:00:10]} b2 {[%emt 0:00:10]} 33. Be4 {[%emt 0:00:10]} Bxe4 {[%emt 0:00:10]} 34. Qxe4 {[%emt 0:00:09]} Nd2 {[%emt 0:00:10]} 35. Qd3 {[%emt 0:00:10]} Nxb1 {[%emt 0:00:09]} 36. Qxb1 {[%emt 0:00:09]} Rc1+ {[%emt 0:00:09]} 0-1

[Event "9th Bangabandhu Blitz Men 2021"]
[Site "Dhaka"]
[Date "2021.04.03"]
[Round "8.1"]
[White "Mohammad Fahad, Rahman"]
[Black "Hossain, Enamul"]
[Result "0-1"]
[WhiteElo "2321"]
[BlackElo "2404"]
[Annotator "ChessBase"]
[PlyCount "76"]
[EventDate "2021.04.02"]
[EventType "swiss"]
[EventCountry "BAN"]
[SourceTitle "playchess.com"]
[Source "ChessBase"]
[SourceQuality "1"]
[TimeControl "1500+10"]

1. e4 {[%emt 0:22:09]} e6 {[%emt 0:22:06]} 2. d4 {[%emt 0:00:09]} d5 {[%emt 0:00:09]} 3. Nc3 {[%emt 0:00:10]} Bb4 {[%emt 0:00:09]} 4. e5 {[%emt 0:00:09]} b6 {[%emt 0:00:09]} 5. a3 {[%emt 0:00:13]} Bf8 {[%emt 0:00:09]} 6. f4 {[%emt 0:00:18]} h5 {[%emt 0:00:25]} 7. Nf3 {[%emt 0:00:10]} Nh6 {[%emt 0:00:10]} 8. Be3 {[%emt 0:00:16]} Ba6 {[%emt 0:00:10]} 9. Bxa6 Nxa6 {[%emt 0:00:10]} 10. Qe2 {[%emt 0:00:26]} Nb8 {[%emt 0:00:09]} 11. O-O {[%emt 0:00:12]} Nf5 {[%emt 0:00:09]} 12. Bf2 {[%emt 0:00:10]} Be7 {[%emt 0:00:10]} 13. Nd1 {[%emt 0:00:20]} Qd7 {[%emt 0:00:29]} 14. Ne3 {[%emt 0:00:13]} g6 {[%emt 0:00:19]} 15. Nxf5 {[%emt 0:00:13]} gxf5 {[%emt 0:02:37]} 16. Ng5 {[%emt 0:00:20]} Bxg5 {[%emt 0:00:00]} 17. fxg5 {[%emt 0:00:09]} Nc6 {[%emt 0:00:00]} 18. b3 {[%emt 0:00:35]} Ne7 {[%emt 0:00:00]} 19. c4 {[%emt 0:00:11]} Kf8 {[%emt 0:00:00]} 20. Rac1 {[%emt 0:00:12]} Kg7 {[%emt 0:00:00]} 21. Be3 {[%emt 0:00:13]} Kg6 {[%emt 0:00:00]} 22. Qd3 {[%emt 0:00:13]} Rhd8 {[%emt 0:00:00]} 23. Rf4 {[%emt 0:00:18]} c6 {[%emt 0:01:20]} 24. Rh4 {[%emt 0:00:13]} Rh8 {[%emt 0:00:00]} 25. Rf1 {[%emt 0:00:13]} Rab8 {[%emt 0:00:00]} 26. Kh1 {[%emt 0:00:13]} dxc4 {[%emt 0:00:00]} 27. bxc4 {[%emt 0:01:32]} b5 {[%emt 0:00:00]} 28. Rc1 {[%emt 0:00:00]} bxc4 {[%emt 0:00:00]} 29. Qxc4 {[%emt 0:00:00]} Qd5 {[%emt 0:00:00]} 30. Qa6 {[%emt 0:00:00]} Rb2 {[%emt 0:00:04]} 31. Qf1 {[%emt 0:00:00]} Qb5 {[%emt 0:00:18]} 32. Qg1 {[%emt 0:00:05]} Nd5 {[%emt 0:00:09]} 33. Bf2 {[%emt 0:00:38]} Rb8 {[%emt 0:00:18]} 34. g4 {[%emt 0:00:18]} fxg4 {[%emt 0:00:18]} 35. h3 {[%emt 0:00:11]} Qe2 {[%emt 0:00:13]} 36. Rf1 {[%emt 0:00:11]} Qf3+ {[%emt 0:00:19]} 37. Kh2 {[%emt 0:00:10]} Ne3 {[%emt 0:00:10]} 38. hxg4 {[%emt 0:00:12]} Nxf1+ {[%emt 0:00:09]} 0-1

[Event "9th Bangabandhu Blitz Men 2021"]
[Site "Dhaka"]
[Date "2021.04.03"]
[Round "8.2"]
[White "Mohammad Minhaz Uddin"]
[Black "Mollah Abdullah, Al Rakib"]
[Result "1-0"]
[WhiteElo "2281"]
[BlackElo "2464"]
[Annotator "TA"]
[PlyCount "133"]
[EventDate "2021.04.02"]
[EventType "swiss"]
[EventCountry "BAN"]
[SourceTitle "playchess.com"]
[Source "ChessBase"]
[SourceQuality "1"]

{[%evp 9,133,-7,-16,-18,-19,-29,-30,-23,-23,-27,-30,-32,-18,-26,-21,-35,-45,-52,23,15,69,69,69,69,69,69,90,71,70,69,62,45,52,30,30,30,37,24,30,-2,150,151,134,139,144,0,47,0,125,118,162,168,168,168,145,155,183,183,223,214,199,164,253,177,219,177,152,103,113,102,103,102,125,0,0,0,0,0,108,115,189,185,156,107,100,12,16,0,0,0,21,7,12,9,109,88,96,100,470,445,356,147,90,75,78,8,1052,1020,879,609,1632,1533,1420,1173,29980,29981,29976,5189,29984,29985,29985,29986,29988,29989,29989,29988]} 1. e4 g6 2. d4 Nf6 3. Nc3 d5 4. e5 Ne4 5. Bd3 Nxc3 6. bxc3 {B06: Modern Defence.} c5 7. f4 Nc6 {[#]} 8. Nf3 $146 {Black has an edge.} ({Predecessor:} 8. Be3 Qa5 9. Qd2 Bf5 10. Bxf5 gxf5 11. dxc5 e6 12. c4 Qxd2+ 13. Kxd2 dxc4 14. Kc3 {0-1 (48) Langner,L (2373)-Tarigan,G (2149) chess.com INT 2020}) 8... Qa5 9. Bd2 c4 10. Be2 Bf5 11. a4 e6 12. O-O Be7 13. Be1 O-O-O (13... h6 $15) 14. Ng5 $11 Rdf8 ({Better is} 14... Bxg5 $11 15. fxg5 h5) 15. g4 $14 Bxg5 16. fxg5 Be4 17. Bd2 Nd8 18. Ra2 Re8 19. Qa1 Re7 20. Bc1 Rc7 21. Kf2 Rc6 22. Kg3 Ra6 23. Rf4 Qc7 24. Ba3 Rxa4 $2 (24... h6 $11) 25. Bd6 $16 {[%mdl 64] Discovered Attack} Rxa2 26. Qxa2 Qb6 27. Be7 ({White must play} 27. Bc5 $1 $16 {[%cal Rc5b6]} Qb5 28. Qxa7) 27... Qc7 28. Bd6 (28. Bxd8 $14 Rxd8 29. Qxa7) 28... Qb6 29. Bc5 $1 $36 {[%cal Rc5b6][%mdl 2048] White is on the roll.} Qa6 30. Qxa6 bxa6 {[#]} 31. Bxc4 $1 {[%mdl 576] Deflection} dxc4 32. Rxe4 $18 {[%mdl 4096] Endgame KRB-KRN} Kb7 33. Re1 Nc6 34. Rf1 Nd8 35. Rb1+ Kc7 (35... Kc8 $142 36. Bxa7 Nb7) 36. Bxa7 Nc6 37. Bb6+ Kd7 {Black wants to play ...Rb8.} 38. Bc5 {Hoping for Rb7+.} Rb8 39. Rf1 Ke8 40. Ra1 a5 41. Ra4 (41. Ba3 $16) 41... Rb2 $11 42. Rxc4 Rxc2 43. Bb6 Ne7 (43... Kd7 $11) 44. Bxa5 $16 Nd5 (44... Rd2 $16) 45. Rc8+ Kd7 46. Rf8 Ke7 47. Ra8 (47. Rh8 $1 $16) 47... Nxc3 $11 48. Ra7+ Ke8 49. Ra8+ Ke7 50. Bb4+ Kd7 51. Ra7+ Kc6 (51... Ke8 $1 $11 {keeps the balance.}) 52. Bxc3 $16 ({Inferior is} 52. Rxf7 Ne4+ 53. Kf4 Rf2+ 54. Kxe4 Rxf7 $17) 52... Rxc3+ {KR-KR} 53. Kf4 Rh3 $2 {[%mdl 8192]} (53... Rc1 $16 {is a better chance.}) 54. Rxf7 Rxh2 {( -> ...Rf2+)} 55. Re7 (55. Ke3 $18 {has better winning chances.}) 55... Kd5 56. Rd7+ Kc4 {[#]} 57. Rd6 ({White should try} 57. Ke3 $1 $16 {And now Rc7+ would win.} Rh3+ 58. Ke4) 57... Rd2 $2 {[%mdl 8192] [#]} (57... Rh1 $11) 58. Ke3 $1 $18 {[%cal Re3d2]} Rd3+ 59. Ke4 {White threatens Rc6+ and mate.} Rd1 {and the idea ...Re1+ leaves Black hopeful.} 60. Rc6+ Kb5 61. Rxe6 Kc4 62. Rc6+ Kb5 63. Rc5+ Kb6 64. e6 {White mates.} Re1+ 65. Kd5 Kb7 66. Kd6 Kb6 67. Re5 {Weighted Error Value: White=0.24/Black=0.38} 1-0